01317cam a22003255a 4500001001000000003000400010005001700014008004100031020001800072020001500090040003200105082002000137100003400157245008000191250002500271260005100296300002900347500005000376500002200426500002700448504003100475650007000506650005700576653002000633700003100653942000800684999001700692952013500709952014700844017633350OSt20160413150903.0151104t2016 enka frbd 001 0 eng d a9781292107561 a1292107561 aUkOxUbengcUkOxUdEG-ScBUE04222a370.15bEGG1 aEggen, Paul D.,d1940-93982010aEducational psychology :bwindows on classrooms /cPaul Eggen, Don Kauchak. a10th ed., Global ed. aHarlow : bPearson Education Limited,cc.2016. a749 p. :bill. ;c28 cm. aDate of publication from publisher's website. aIncludes indexes. aGlossary : p. 677-684. aBibliography : p. 685-722. 7aEducational psychologyxStudy and teaching (Higher)2BUEsh939821 7aLearning, Psychology ofvCase studies.2BUEsh939822 bNNURcApril20161 aKauchak, Donald P.,d1946- 2ddc c21626d21598 00102ddc40708AlahramaMAINbMAINc1STd2016-04-13ePurchaseg390.00l0o370.15 EGGp000032331r2025-10-22 00:00:00v487.50yBB 00102ddc40708AlahramaMAINbMAINc1STd2016-04-13ePurchaseg390.00l1o370.15 EGGp000032332r2025-07-15 00:00:00s2018-03-11v487.50yBB